| 000 | 00810nam a2200217Ia 4500 | ||
|---|---|---|---|
| 003 | Ost | ||
| 005 | 20260507075736.0 | ||
| 008 | 260507s9999||||xx |||||||||||||| ||und|| | ||
| 040 | _cfsecg | ||
| 041 | _aara | ||
| 082 | _a658.542 | ||
| 100 |
_aعباس، صلاح _eمؤلف |
||
| 245 | 0 |
_aإدارة الوقت / _c صلاح عباس |
|
| 260 |
_aالاسكندرية: _bمؤسسة شباب الجامعة, _c2004 |
||
| 300 |
_a176 صفحة؛ _bإيضاحات ؛ _c24 سم |
||
| 504 | _aببلوغرافيا: ص.174 | ||
| 520 | _aدراسة الزمن والحركة،خطوات دراسة الوقت،الوقت النموذجي المحدد مسبقا(نمج سيجير)،نظام الانتاج في الوقت المحدد | ||
| 653 | _aالانتاج | ||
| 653 | _aالوقت | ||
| 942 | _cكتاب | ||
| 999 |
_c46094 _d46094 |
||